|
|
|
|
| LEADER |
00000nam0a2200000 4500 |
| 001 |
119599 |
| 005 |
20231101215541.0 |
| 035 |
|
|
|a (RuTPU)RU\TPU\book\129448
|
| 090 |
|
|
|a 119599
|
| 100 |
|
|
|a 20070719d1983 k y0rusy50 ca
|
| 101 |
1 |
|
|a rus
|c eng
|
| 102 |
|
|
|a RU
|
| 105 |
|
|
|a a z 001zy
|
| 200 |
1 |
|
|a Турбулентные течения реагирующих газов
|e пер. с англ.
|f П. А. Либби [и др.]
|g под ред. Г. А. Тирского
|
| 210 |
|
|
|a Москва
|c Мир
|d 1983
|
| 215 |
|
|
|a 328 с.
|c ил.
|
| 225 |
1 |
|
|a Проблемы прикладной физики
|
| 320 |
|
|
|a Библиогр.: с. 7-8.
|
| 606 |
1 |
|
|a Газы
|x Турбулентное течение
|2 stltpush
|3 (RuTPU)RU\TPU\subj\67408
|9 83221
|
| 606 |
1 |
|
|a Газы
|x Турбулентное течение
|2 stltpush
|3 (RuTPU)RU\TPU\subj\67408
|9 83221
|
| 610 |
1 |
|
|a реагирующие газы
|
| 610 |
1 |
|
|a химические реакции
|
| 610 |
1 |
|
|a реагенты
|
| 610 |
1 |
|
|a метод функции плотности вероятности
|
| 675 |
|
|
|a 533.6.01
|v 3
|
| 701 |
|
1 |
|a Либби
|b П. А.
|
| 701 |
|
1 |
|a Вильямс
|b Ф. А.
|
| 701 |
|
1 |
|a Меллор
|b А. М.
|
| 701 |
|
1 |
|a Фергюсон
|b С. Р.
|
| 701 |
|
1 |
|a Билджер
|b Р. В.
|
| 701 |
|
1 |
|a Брей
|b К. Н. К.
|
| 701 |
|
1 |
|a О'Брайен
|b Е. Е.
|
| 702 |
|
1 |
|a Тирский
|b Г. А.
|4 340
|
| 801 |
|
1 |
|a RU
|b 63413507
|c 20070719
|g PSBO
|
| 801 |
|
2 |
|a RU
|b 63413507
|c 20210208
|g RCR
|
| 942 |
|
|
|c BK
|